| 000 | 00476nam a22001217a 4500 | ||
|---|---|---|---|
| 040 | _crua | ||
| 082 | _aRUA NGO 2016 C217 Or. | ||
| 100 | _aសាស្រ្តាចារ្យបណ្ឌិត ង៉ោ ប៊ុនថាន | ||
| 245 | _aធនធានមនុស្សពីសាកលវិទ្យាល័យភូមិន្ទកសិកម្ម(២០១៣-២០១៦). | ||
| 260 |
_aphnom penh _brua _c2016 |
||
| 300 |
_a266p. _bill. _c29cm. |
||
| 942 | _cRE | ||
| 999 |
_c22539 _d22539 |
||